| 000 | 01066nam a2200253Ia 4500 | ||
|---|---|---|---|
| 999 |
_c54944 _d54944 |
||
| 001 | 22015 | ||
| 003 | GE_BSU | ||
| 005 | 20220926161212.0 | ||
| 008 | 181216s1999||||ge |||||||||||||| ||geo|| | ||
| 040 | _cGE_BSU | ||
| 041 | _ageo | ||
| 080 | _a821.353.1.092 ბ-65 | ||
| 100 |
_aბიბილეიშვილი, იური _9800 |
||
| 245 |
_aცეცხლგამძლე სული : _b(ჯემალ ჯაყელის შემოქმედება) / _cიური ბიბილეიშვილი ; რედ. ტასო ცხოიძე |
||
| 260 | _a. | ||
| 264 |
_aბათუმი : _bმესხეთი, _c1999. |
||
| 300 |
_a140 გვ. ; _c20 სმ. |
||
| 541 | _h5ლ. | ||
| 653 | _aქართული ლიტერატურის ისტორია და კრიტიკა | ||
| 653 | _aცეცხლგამძლე სული | ||
| 653 | _aჯაყელი, ჯემალი | ||
| 700 |
_aცხოიძე, ტასო _eრედაქტორი _914819 |
||
| 942 |
_cBK _2udc |
||